[Event "GER-chT11-A email"]
[Site "GER email"]
[Date "2015.09.28"]
[Round "?"]
[White "Beck, Gerhard"]
[Black "Rio, Roland Del"]
[Result "1/2-1/2"]
[WhiteElo "2135"]
[BlackElo "2294"]
[PlyCount "61"]
[EventDate "2015.??.??"]
[EventType "tourn (corr)"]
[EventRounds "8"]
[EventCountry "GER"]
[SourceTitle "Corr 2020"]
[Source "ChessBase"]
[SourceDate "2019.09.30"]
[SourceVersion "1"]
[SourceVersionDate "2019.09.30"]
[SourceQuality "1"]

1. d4 d5 2. c4 c6 3. Nf3 Nf6 4. Nc3 e6 5. Bg5 h6 6. Bh4 dxc4 7. e4 g5 8. Bg3 b5 9. Be2 Bb7 10. Ne5 Bg7 11. h4 Nbd7 12. hxg5 hxg5 13. Rxh8+ Bxh8 14. Qc2 Qa5 15. 0-0-0 Nxe5 16. Bxe5 0-0-0 17. a3 Nd7 18. Bd6 c5 19. dxc5 Bxc3 20. Qxc3 Qxc3+ 21. bxc3 Bxe4 22. a4 a6 23. axb5 axb5 24. Bh5 f6 25. Re1 Bd5 26. Bf7 Ne5 27. Bxe5 fxe5 28. Rxe5 Rf8 29. Bxe6+ Bxe6 30. Rxe6 Rxf2 31. Rb6 1/2-1/2

[Event "GER-ch47 sf05 email"]
[Site "GER email"]
[Date "2015.04.14"]
[Round "?"]
[White "Beck, Gerhard"]
[Black "Utesch, Wolfgang"]
[Result "1/2-1/2"]
[WhiteElo "2135"]
[BlackElo "2190"]
[PlyCount "66"]
[EventDate "2015.??.??"]
[EventType "tourn (corr)"]
[EventRounds "8"]
[EventCountry "GER"]
[SourceTitle "Corr 2020"]
[Source "ChessBase"]
[SourceDate "2019.09.30"]
[SourceVersion "1"]
[SourceVersionDate "2019.09.30"]
[SourceQuality "1"]

1. e4 e5 2. Nf3 Nc6 3. Bb5 a6 4. Ba4 Nf6 5. 0-0 Be7 6. Re1 b5 7. Bb3 0-0 8. h3 Bb7 9. d3 d6 10. a3 Qd7 11. Nc3 Rfe8 12. Bd2 Nd8 13. Nd5 Nxd5 14. exd5 c6 15. c4 cxd5 16. cxd5 f6 17. d4 Nf7 18. Qb1 g6 19. a4 Bd8 20. axb5 axb5 21. Rxa8 Bxa8 22. h4 Kh8 23. Qd3 Bb7 24. Ba2 Bb6 25. h5 Rg8 26. hxg6 Qg4 27. Nh4 hxg6 28. Nf3 Bc8 29. dxe5 Nxe5 30. Nxe5 fxe5 31. Qxb5 Bd4 32. Be3 Kg7 33. Qe2 Qxe2 1/2-1/2

[Event "GER-ch47 sf05 email"]
[Site "GER email"]
[Date "2015.04.11"]
[Round "?"]
[White "Loeffler, Werner"]
[Black "Beck, Gerhard"]
[Result "1/2-1/2"]
[WhiteElo "2140"]
[BlackElo "2135"]
[PlyCount "127"]
[EventDate "2015.??.??"]
[EventType "tourn (corr)"]
[EventRounds "8"]
[EventCountry "GER"]
[SourceTitle "Corr 2022"]
[Source "ChessBase"]
[SourceDate "2021.10.24"]
[SourceVersion "1"]
[SourceVersionDate "2021.10.24"]
[SourceQuality "1"]

1. d4 Nf6 2. c4 e6 3. Nc3 Bb4 4. f3 c5 5. d5 0-0 6. e4 d6 7. Nge2 Re8 8. Bd2 exd5 9. cxd5 Nbd7 10. Ng3 a6 11. Be2 h6 12. a4 Ne5 13. 0-0 Bd7 14. Qc2 Rb8 15. Nd1 Bxd2 16. Qxd2 b5 17. axb5 axb5 18. Ne3 c4 19. Qa5 g6 20. Qxd8 Rexd8 21. f4 Nfg4 22. Nxg4 Nxg4 23. Bxg4 Bxg4 24. Kf2 h5 25. Ke3 Re8 26. f5 h4 27. fxg6 fxg6 28. Nh1 Re7 29. Rf4 Bc8 30. Rxh4 b4 31. Rf4 Rb5 32. Kd4 c3 33. Nf2 cxb2 34. Rb1 Kg7 35. Rxb2 b3 36. Rf3 Rb4+ 37. Kc3 Reb7 38. Rd3 Bd7 39. Rd4 R4b6 40. Nd1 Rc7+ 41. Rc4 Rxc4+ 42. Kxc4 Kf6 43. Nf2 Ke5 44. Kd3 Kf4 45. Nd1 Rb4 46. g3+ Ke5 47. Nf2 Bb5+ 48. Kc3 Rc4+ 49. Kd2 Rc2+ 50. Rxc2 bxc2 51. Kxc2 Kd4 52. Kd2 g5 53. h4 gxh4 54. gxh4 Be8 55. Kc2 Ke3 56. Ng4+ Kf4 57. Nf6 Bb5 58. h5 Kg5 59. Ng4 Kxh5 60. Ne3 Kg5 61. Kc3 Kf6 62. Kd4 Bd7 63. Nc4 Ke7 64. Nxd6 1/2-1/2

[Event "GER Cup18 final email"]
[Site "GER email"]
[Date "2014.08.17"]
[Round "?"]
[White "Beck, Gerhard"]
[Black "Herfurth, Thomas"]
[Result "1-0"]
[WhiteElo "2116"]
[BlackElo "2200"]
[PlyCount "85"]
[EventDate "2014.07.28"]
[EventType "tourn (corr)"]
[EventRounds "6"]
[EventCountry "GER"]
[SourceTitle "Corr 2020"]
[Source "ChessBase"]
[SourceDate "2019.09.30"]
[SourceVersion "1"]
[SourceVersionDate "2019.09.30"]
[SourceQuality "1"]

1. e4 c5 2. Nc3 d6 3. Nf3 a6 4. d4 cxd4 5. Nxd4 Nf6 6. Be3 e6 7. f3 b5 8. Qd2 Nbd7 9. g4 h6 10. 0-0-0 Bb7 11. h4 b4 12. Na4 Qa5 13. b3 Nc5 14. a3 Nxa4 15. axb4 Qc7 16. bxa4 d5 17. e5 Nd7 18. f4 Nb6 19. Rh3 Nxa4 20. Bf2 Be7 21. f5 Rc8 22. Be1 Nb6 23. Qe2 Qc4 24. fxe6 Rf8 25. Qxc4 Nxc4 26. Bc3 Rc7 27. Bg2 g6 28. g5 hxg5 29. exf7+ Rxf7 30. Ne6 Rc8 31. hxg5 Rf2 32. Bf1 Kd7 33. Nc5+ Rxc5 34. bxc5 Bxg5+ 35. Kb1 Ne3 36. Rh7+ Kc6 37. Ba5 Kxc5 38. Rxb7 Nxd1 39. Bd3 Rf3 40. Rc7+ Kd4 41. e6 Rf6 42. e7 Re6 43. Bb4 1-0

[Event "GER Cup18 final email"]
[Site "GER email"]
[Date "2014.07.22"]
[Round "?"]
[White "Beck, Gerhard"]
[Black "Kraft, Dieter"]
[Result "1/2-1/2"]
[WhiteElo "2091"]
[BlackElo "2217"]
[PlyCount "52"]
[EventDate "2014.07.28"]
[EventType "tourn (corr)"]
[EventRounds "6"]
[EventCountry "GER"]
[SourceTitle "Corr 2015"]
[Source "ChessBase"]
[SourceDate "2015.07.17"]
[SourceVersion "1"]
[SourceVersionDate "2015.07.17"]
[SourceQuality "1"]

1. e4 c5 2. Nf3 d6 3. d4 cxd4 4. Nxd4 Nf6 5. Nc3 a6 6. Bg5 e6 7. f4 Qb6 8. Qd2 Qxb2 9. Rb1 Qa3 10. e5 h6 11. Bh4 dxe5 12. fxe5 g5 13. exf6 gxh4 14. Be2 Qa5 15. 0-0 Nd7 16. Kh1 Qg5 17. Rf4 e5 18. Nd5 exd4 19. Qxd4 Kd8 20. Ne7 Qe5 21. Qd2 Bxe7 22. fxe7+ Qxe7 23. Bg4 f5 24. Rxf5 a5 25. Rd5 Rh7 26. Rd1 Rf7 1/2-1/2

[Event "Mittelfranken-chTB2b 1314"]
[Site "Mittelfranken"]
[Date "2013.10.20"]
[Round "1.5"]
[White "Kipferl, Wolfgang"]
[Black "Beck, Gerhard"]
[Result "1-0"]
[WhiteElo "1861"]
[BlackElo "1692"]
[PlyCount "51"]
[EventDate "2013.10.20"]
[EventType "team-tourn"]
[EventRounds "9"]
[EventCountry "GER"]
[SourceTitle "EXT 2020"]
[Source "ChessBase"]
[SourceDate "2019.10.17"]
[SourceVersion "1"]
[SourceVersionDate "2019.10.17"]
[SourceQuality "1"]
[WhiteTeam "Neumarkt"]
[BlackTeam "Uttenreuth"]
[WhiteTeamCountry "GER"]
[BlackTeamCountry "GER"]

1. e4 e6 2. d4 d5 3. exd5 exd5 4. Bd3 Bd6 5. h3 Nf6 6. Nf3 h6 7. 0-0 0-0 8. Nc3 c6 9. Ne5 Re8 10. Re1 Qc7 11. f4 a6 12. Qf3 Qb6 13. Ne2 Bxe5 14. fxe5 Rxe5 15. Bxh6 Nbd7 16. Bf4 Re8 17. b3 Ne4 18. g4 Ne5 19. Bxe5 Rxe5 20. Kg2 Re7 21. c3 Qc7 22. Rac1 Qd6 23. c4 Ng5 24. Qf4 Rxe2+ 25. Rxe2 Ne4 26. Rxe4 1-0

[Event "GER-chT10 LJ-22 Br04 email"]
[Site "GER email"]
[Date "2013.10.04"]
[Round "?"]
[White "Beck, Gerhard"]
[Black "Langer, Michael S"]
[Result "1/2-1/2"]
[WhiteElo "2091"]
[BlackElo "2155"]
[PlyCount "36"]
[EventDate "2013.10.15"]
[EventType "tourn (corr)"]
[EventRounds "8"]
[EventCountry "GER"]
[SourceTitle "Corr 2015"]
[Source "ChessBase"]
[SourceDate "2015.07.17"]
[SourceVersion "1"]
[SourceVersionDate "2015.07.17"]
[SourceQuality "1"]

1. d4 Nf6 2. c4 g6 3. Nc3 d5 4. cxd5 Nxd5 5. e4 Nxc3 6. bxc3 Bg7 7. Nf3 c5 8. Rb1 0-0 9. Be2 b6 10. 0-0 Qc7 11. Qb3 Ba6 12. Bxa6 Nxa6 13. Qa3 Nb8 14. d5 Nd7 15. c4 a6 16. Qd3 b5 17. Be3 Rfb8 18. Qc2 Rb7 1/2-1/2

[Event "GER-chT10 LJ-22 Br04 email"]
[Site "GER email"]
[Date "2013.10.04"]
[Round "?"]
[White "Eschert, Uwe"]
[Black "Beck, Gerhard"]
[Result "1/2-1/2"]
[WhiteElo "2064"]
[BlackElo "2091"]
[PlyCount "48"]
[EventDate "2013.10.15"]
[EventType "tourn (corr)"]
[EventRounds "8"]
[EventCountry "GER"]
[SourceTitle "Corr 2015"]
[Source "ChessBase"]
[SourceDate "2015.07.17"]
[SourceVersion "1"]
[SourceVersionDate "2015.07.17"]
[SourceQuality "1"]

1. e4 c5 2. Nf3 Nc6 3. Bb5 g6 4. 0-0 Bg7 5. Nc3 Nd4 6. Ba4 Qa5 7. Rb1 Nf6 8. Re1 0-0 9. e5 Nh5 10. a3 d6 11. b4 Qa6 12. exd6 exd6 13. bxc5 dxc5 14. Nxd4 cxd4 15. Bb5 Qd6 16. Ne4 Qc7 17. d3 b6 18. Bc4 Bb7 19. Qg4 Rae8 20. Bd2 Bxe4 21. Rxe4 Nf6 22. Qf4 Qxf4 23. Rxf4 Bh6 24. Rxf6 Bxd2 1/2-1/2

[Event "Bayern-ch Seniors 25th"]
[Site "Bergen"]
[Date "2013.06.21"]
[Round "8.30"]
[White "Beck, Gerhard"]
[Black "Kunte, Herbert"]
[Result "0-1"]
[WhiteElo "1494"]
[BlackElo "1708"]
[PlyCount "60"]
[EventDate "2013.06.15"]
[EventType "swiss"]
[EventRounds "9"]
[EventCountry "GER"]
[SourceTitle "EXT 2022"]
[Source "ChessBase"]
[SourceDate "2021.10.06"]
[SourceVersion "1"]
[SourceVersionDate "2021.10.06"]
[SourceQuality "1"]

1. d4 d5 2. c4 c6 3. Nc3 Nf6 4. Nf3 e6 5. e3 Bb4 6. cxd5 exd5 7. a3 Bd6 8. h3 0-0 9. b4 Re8 10. Bd3 Ne4 11. Bb2 f5 12. 0-0 Nd7 13. b5 Ndf6 14. a4 Bd7 15. Re1 Qe7 16. Re2 h6 17. Qc2 g5 18. Nd1 g4 19. hxg4 Nxg4 20. g3 Kh8 21. Kg2 Rg8 22. Nc3 Qg7 23. Rg1 Nxe3+ 24. Rxe3 f4 25. Rxe4 fxg3 26. Rh4 Raf8 27. Rxh6+ Qxh6 28. Rh1 gxf2+ 29. Kxf2 Qxh1 30. Qd1 Qg2+ 0-1

[Event "GER Cup18 PZ06 serv"]
[Site "GER email"]
[Date "2012.09.02"]
[Round "?"]
[White "Bartsch, Andreas"]
[Black "Beck, Gerhard"]
[Result "0-1"]
[WhiteElo "2048"]
[BlackElo "1958"]
[PlyCount "98"]
[EventDate "2012.09.06"]
[EventType "tourn (corr)"]
[EventRounds "6"]
[EventCountry "GER"]
[SourceTitle "Corr 2015"]
[Source "ChessBase"]
[SourceDate "2015.07.17"]
[SourceVersion "1"]
[SourceVersionDate "2015.07.17"]
[SourceQuality "1"]

1. Nf3 Nf6 2. d4 g6 3. c4 Bg7 4. Nc3 d5 5. Qb3 dxc4 6. Qxc4 0-0 7. e4 a6 8. e5 Nfd7 9. Be3 b5 10. Qb3 c5 11. e6 cxd4 12. exf7+ Rxf7 13. Nxd4 Nc5 14. Qd5 Qxd5 15. Nxd5 Nbd7 16. Rd1 Bb7 17. Nc7 Rc8 18. Nce6 Be5 19. h4 Rf6 20. h5 Nxe6 21. Nxe6 Rxe6 22. Rxd7 Be4 23. hxg6 hxg6 24. Be2 Bxb2 25. 0-0 Kf7 26. Bd1 Kf6 27. Bb3 Rd6 28. Rxd6+ exd6 29. Rd1 Rc6 30. f3 Bf5 31. Bd5 Rc7 32. g4 Be6 33. Be4 Ba3 34. Kf2 g5 35. Bd4+ Ke7 36. Rh1 Bc5 37. Rh7+ Bf7 38. Bxc5 dxc5 39. Bd5 Kf6 40. Bxf7 Rxf7 41. Rh6+ Ke5 42. Ke3 Re7 43. Rg6 Kd5+ 44. Kd2 Re5 45. Rxa6 b4 46. Ra8 Re6 47. Kd3 c4+ 48. Kd2 c3+ 49. Kd3 Kc5 0-1

[Event "GER Cup18 PZ03 serv"]
[Site "GER email"]
[Date "2012.09.02"]
[Round "?"]
[White "Beck, Gerhard"]
[Black "Uecker, Dieter"]
[Result "1/2-1/2"]
[WhiteElo "1958"]
[BlackElo "2060"]
[PlyCount "123"]
[EventDate "2012.09.06"]
[EventType "tourn (corr)"]
[EventRounds "6"]
[EventCountry "GER"]
[SourceTitle "Corr 2015"]
[Source "ChessBase"]
[SourceDate "2015.07.17"]
[SourceVersion "1"]
[SourceVersionDate "2015.07.17"]
[SourceQuality "1"]

1. d4 Nf6 2. c4 e6 3. Nf3 d5 4. g3 Be7 5. Bg2 0-0 6. 0-0 dxc4 7. Qc2 a6 8. a4 Bd7 9. Qxc4 Bc6 10. Bg5 Bd5 11. Qd3 c5 12. Nc3 Bc6 13. Rfd1 cxd4 14. Nxd4 Bxg2 15. Kxg2 Nbd7 16. Qf3 Rb8 17. Bxf6 Bxf6 18. Ne4 Qe7 19. Qe3 Rfc8 20. Rac1 Be5 21. Rxc8+ Rxc8 22. Nf3 Bxb2 23. Rb1 Qa3 24. Qxa3 Bxa3 25. Rxb7 Nc5 26. Nxc5 Bxc5 27. Ne5 f6 28. Nd7 a5 29. Nxc5 Rxc5 30. Rb5 Rd5 31. e4 Re5 32. Kf3 Kf7 33. Rb7+ Kg6 34. Ke3 f5 35. f3 Rc5 36. Kd4 Rc2 37. Rb6 fxe4 38. Rxe6+ Kf7 39. Rxe4 Rxh2 40. Re5 Rh3 41. Rf5+ Ke6 42. g4 g6 43. Re5+ Kd6 44. f4 Rh4 45. Rg5 Ke6 46. Ke4 Kf6 47. Rxa5 Rxg4 48. Rg5 Rh4 49. Rc5 Rh3 50. Rc6+ Kf7 51. a5 h5 52. Ke5 Re3+ 53. Kd4 Ra3 54. a6 h4 55. f5 gxf5 56. Ke5 Ra5+ 57. Kf4 h3 58. Kg3 Ra3+ 59. Kh2 Ke7 60. Rh6 Kd7 61. a7 Kc7 62. Rxh3 1/2-1/2

[Event "GER Cup18 PZ06 serv"]
[Site "GER email"]
[Date "2012.09.02"]
[Round "?"]
[White "Hauff, Andre"]
[Black "Beck, Gerhard"]
[Result "1-0"]
[WhiteElo "2124"]
[BlackElo "1958"]
[PlyCount "205"]
[EventDate "2012.09.06"]
[EventType "tourn (corr)"]
[EventRounds "6"]
[EventCountry "GER"]
[SourceTitle "Corr 2015"]
[Source "ChessBase"]
[SourceDate "2015.07.17"]
[SourceVersion "1"]
[SourceVersionDate "2015.07.17"]
[SourceQuality "1"]

1. d4 Nf6 2. c4 e6 3. Nc3 Bb4 4. f3 d5 5. a3 Bxc3+ 6. bxc3 c5 7. cxd5 Nxd5 8. dxc5 Qa5 9. e4 Nf6 10. Be3 0-0 11. Kf2 Nfd7 12. Rb1 a6 13. Ne2 Rd8 14. Qd6 Nc6 15. Nd4 Nde5 16. Nxc6 Nxc6 17. Qg3 Qxa3 18. Be2 Qxc3 19. Rhc1 Qe5 20. Bf4 Qd4+ 21. Kf1 Re8 22. Bd6 e5 23. Rd1 Qc3 24. Qf2 Ra7 25. Kg1 Be6 26. Bf1 Rd8 27. Rd3 Qa5 28. Qe3 Rd7 29. Ra3 Qd8 30. f4 exf4 31. Qxf4 f6 32. Rb6 Qe8 33. h3 Kh8 34. Kh2 h6 35. Be2 Qf7 36. Bf3 a5 37. Qh4 Ra8 38. Be2 Bc4 39. Bg4 Be6 40. Bh5 Qg8 41. Bd1 Qe8 42. Ba4 Rc8 43. Qe1 Bf5 44. Re3 Be6 45. e5 f5 46. Qb1 Qf7 47. Rf3 f4 48. Kg1 Bd5 49. Rf2 Re8 50. Qd3 f3 51. Bc2 Qg8 52. Rd2 Bc4 53. Qxf3 Rxe5 54. Rb1 Rf7 55. Qxc6 bxc6 56. Bxe5 Re7 57. Rb8 Rxe5 58. Rdd8 a4 59. Bg6 Re1+ 60. Kh2 Rf1 61. Bd3 Bxd3 62. Rxg8+ Kh7 63. Rgd8 Bc4 64. Ra8 Ra1 65. Rd4 Rc1 66. Ra7 h5 67. Rdd7 Bb3 68. Rxg7+ Kh6 69. h4 Rxc5 70. Kg3 Bc2 71. Kf3 Rc4 72. g3 Rc5 73. Kf4 Rf5+ 74. Ke3 Re5+ 75. Kd2 Bb3 76. Rgc7 Rd5+ 77. Ke3 Rc5 78. Ra6 Bd5 79. Kd2 Kg6 80. Rxa4 Rb5 81. Raa7 Rb2+ 82. Kc3 Rb3+ 83. Kd4 Kf6 84. Rg7 Rb4+ 85. Kc5 Rb5+ 86. Kd6 Rb3 87. Rg5 Rd3 88. Kc5 Bf3 89. Ra1 Bg4 90. Rf1+ Ke6 91. Rg6+ Ke7 92. Ra1 Rxg3 93. Ra7+ Kf8 94. Rd6 Re3 95. Rf6+ Kg8 96. Rff7 Rc3+ 97. Kd4 Rf3 98. Rxf3 Bxf3 99. Ra2 Kg7 100. Rf2 Bg4 101. Kc5 Bd7 102. Kd6 Be8 103. Rf4 1-0

[Event "Mittelfranken-chTB2a 1112"]
[Site "Germany"]
[Date "2011.12.11"]
[Round "4.2"]
[White "Kiefer, Herbert"]
[Black "Beck, Gerhard"]
[Result "0-1"]
[WhiteElo "1732"]
[BlackElo "1951"]
[PlyCount "104"]
[EventDate "2011.09.25"]
[EventType "team-tourn"]
[EventRounds "9"]
[EventCountry "GER"]
[SourceTitle "EXT 2013"]
[Source "ChessBase"]
[SourceDate "2012.11.22"]
[SourceVersion "1"]
[SourceVersionDate "2012.11.22"]
[SourceQuality "1"]
[WhiteTeam "Ansbach"]
[BlackTeam "Fuerth II"]
[WhiteTeamCountry "GER"]
[BlackTeamCountry "GER"]

1. Nf3 d5 2. d4 Nf6 3. e3 e6 4. c4 Be7 5. Bd3 Nbd7 6. 0-0 0-0 7. Nbd2 c5 8. b3 cxd4 9. exd4 a5 10. a4 b6 11. Bb2 Ba6 12. Qe2 Rc8 13. Rac1 Re8 14. Ne5 Nf8 15. Kh1 Bb4 16. Ndf3 N6d7 17. h4 f6 18. Ng4 Ng6 19. g3 f5 20. Nge5 Ndxe5 21. Nxe5 Bb7 22. f3 Bd6 23. Qh2 Nxe5 24. dxe5 Bc5 25. Rcd1 Qe7 26. Be2 Rf8 27. Bd4 Bxd4 28. Rxd4 Qc7 29. cxd5 Qxe5 30. Rfd1 Rc2 31. R4d2 Rxd2 32. Rxd2 Bxd5 33. Qf2 Rc8 34. Kh2 Qc3 35. Bd1 Rc5 36. Qe2 Kf7 37. Rd3 Qf6 38. Qe3 f4 39. Qxf4 Qxf4 40. gxf4 Kf6 41. Kg3 Rc1 42. h5 h6 43. Kg4 Rc6 44. Re3 Rc1 45. Rd3 Bc6 46. Kh4 Rc5 47. Kg4 Ke7 48. Re3 Be8 49. Re5 Rc1 50. Be2 Rg1+ 51. Kh3 Rh1+ 52. Kg4 Kd6 0-1

[Event "Bayern-ch Seniors 23rd"]
[Site "Bergen"]
[Date "2011.06.04"]
[Round "8"]
[White "Krieger, Hermann"]
[Black "Beck, Gerhard"]
[Result "1-0"]
[WhiteElo "2091"]
[BlackElo "1951"]
[PlyCount "79"]
[EventDate "2011.05.28"]
[EventType "swiss"]
[EventRounds "9"]
[EventCountry "GER"]
[SourceTitle "EXT 2012"]
[Source "ChessBase"]
[SourceDate "2011.11.24"]
[SourceVersion "1"]
[SourceVersionDate "2011.11.24"]
[SourceQuality "1"]

1. e4 c5 2. Nf3 Nc6 3. d4 cxd4 4. Nxd4 Nf6 5. Nc3 e5 6. Ndb5 d6 7. Bg5 a6 8. Na3 b5 9. Nd5 Be7 10. Bxf6 Bxf6 11. c4 bxc4 12. Nxc4 Nd4 13. Ncb6 Rb8 14. Nxc8 Rxc8 15. Qa4+ Kf8 16. Bxa6 Nc2+ 17. Ke2 Nd4+ 18. Kd3 Rc5 19. b4 Rxd5 20. exd5 e4+ 21. Kd2 Bg5+ 22. Ke1 Qf6 23. Be2 g6 24. Rd1 Kg7 25. b5 Nf5 26. Qxe4 Qc3+ 27. Kf1 Bf6 28. h4 h5 29. Rh3 Qc8 30. b6 Qd7 31. a4 Re8 32. Qb4 Qb7 33. a5 Rc8 34. a6 Qe7 35. b7 Rc2 36. Bd3 Rxf2+ 37. Kxf2 Bd4+ 38. Qxd4+ Nxd4 39. b8Q Qf6+ 40. Kg1 1-0

[Event "Bayern-ch Seniors 23rd"]
[Site "Bergen"]
[Date "2011.06.02"]
[Round "6"]
[White "Weigel, Herbert"]
[Black "Beck, Gerhard"]
[Result "1/2-1/2"]
[WhiteElo "1925"]
[BlackElo "1951"]
[PlyCount "87"]
[EventDate "2011.05.28"]
[EventType "swiss"]
[EventRounds "9"]
[EventCountry "GER"]
[SourceTitle "EXT 2012"]
[Source "ChessBase"]
[SourceDate "2011.11.24"]
[SourceVersion "1"]
[SourceVersionDate "2011.11.24"]
[SourceQuality "1"]

1. e4 c5 2. Nf3 Nc6 3. d4 cxd4 4. Nxd4 Nf6 5. Nc3 d6 6. f4 Qb6 7. Nb3 g6 8. Qf3 Bg7 9. Be3 Qc7 10. Bd3 0-0 11. 0-0 a6 12. a4 Nb4 13. a5 Be6 14. Bb6 Qc8 15. Nd4 Bd7 16. h3 e5 17. Nde2 Re8 18. Ng3 Bc6 19. Be3 exf4 20. Bxf4 Qe6 21. Rae1 Nd7 22. Nge2 Nc5 23. Qe3 Ncxd3 24. cxd3 Nc2 25. Qd2 Nxe1 26. Rxe1 d5 27. d4 Qd7 28. e5 f6 29. Nc1 fxe5 30. dxe5 Re7 31. Qd4 h6 32. Nd3 Kh7 33. Bg3 Rae8 34. Qc5 d4 35. Ne4 Qf5 36. Qxd4 Bxe4 37. Rxe4 Rd7 38. Qe3 Red8 39. Nf2 Rd2 40. Kh2 Qe6 41. Rb4 Qd5 42. Rb6 Re8 43. Ne4 Rxe5 44. Qxd2 1/2-1/2

[Event "Bayern-ch Seniors 23rd"]
[Site "Bergen"]
[Date "2011.05.29"]
[Round "2"]
[White "Harke, Horst"]
[Black "Beck, Gerhard"]
[Result "1/2-1/2"]
[WhiteElo "1749"]
[BlackElo "1951"]
[PlyCount "93"]
[EventDate "2011.05.28"]
[EventType "swiss"]
[EventRounds "9"]
[EventCountry "GER"]
[SourceTitle "EXT 2012"]
[Source "ChessBase"]
[SourceDate "2011.11.24"]
[SourceVersion "1"]
[SourceVersionDate "2011.11.24"]
[SourceQuality "1"]

1. d4 g6 2. c4 Bg7 3. Nc3 c5 4. Nf3 Nf6 5. e4 0-0 6. Be2 cxd4 7. Nxd4 Nc6 8. Nxc6 dxc6 9. Qxd8 Rxd8 10. Bg5 h6 11. Be3 Ng4 12. Bxg4 Bxg4 13. f3 Be6 14. c5 Bc4 15. Rd1 h5 16. Rd2 a5 17. a3 Rxd2 18. Kxd2 Rd8+ 19. Kc2 Rd3 20. Re1 e6 21. f4 e5 22. g3 Kf8 23. a4 Ke8 24. f5 Bf8 25. b3 Ba6 26. fxg6 fxg6 27. Bg1 Rf3 28. Rd1 Bf1 29. Nb1 Be2 30. Rd2 Ba6 31. Rd1 Bh6 32. Na3 Bg5 33. Nc4 Bxc4 34. bxc4 Ra3 35. Rd3 Rxa4 36. Kb3 Rb4+ 37. Kc3 Rb1 38. Be3 Be7 39. Rd2 a4 40. Rb2 Rxb2 41. Kxb2 Kd7 42. Ka3 b5 43. Kb4 h4 44. cxb5 cxb5 45. Kxb5 a3 46. Bc1 hxg3 47. hxg3 1/2-1/2

[Event "Mittelfranken-chTB1 1011"]
[Site "Germany"]
[Date "2011.04.03"]
[Round "8.7"]
[White "Beck, Gerhard"]
[Black "Bala, Claudiu"]
[Result "1-0"]
[WhiteElo "1960"]
[BlackElo "1729"]
[PlyCount "49"]
[EventDate "2010.09.26"]
[EventType "team-tourn"]
[EventRounds "9"]
[EventCountry "GER"]
[SourceTitle "EXT 2012"]
[Source "ChessBase"]
[SourceDate "2011.11.24"]
[SourceVersion "1"]
[SourceVersionDate "2011.11.24"]
[SourceQuality "1"]
[WhiteTeam "Fuerth"]
[BlackTeam "Nuernberg Sued SW III"]
[WhiteTeamCountry "GER"]
[BlackTeamCountry "GER"]

1. c4 e5 2. Nc3 Nf6 3. g3 d5 4. cxd5 Nxd5 5. Bg2 Be6 6. Nf3 Nc6 7. 0-0 Nb6 8. d3 Be7 9. Bd2 f5 10. a3 a5 11. Be3 Nd7 12. Rc1 0-0 13. Nb5 Ra6 14. Qd2 h6 15. d4 Nb6 16. dxe5 Qc8 17. Nfd4 Nc4 18. Qc3 Nxd4 19. Nxd4 Nxe5 20. Qxc7 Qxc7 21. Rxc7 Bd7 22. Bf4 Bd6 23. Rxb7 Bc8 24. Rb5 Nc4 25. Bd5+ 1-0

[Event "Mittelfranken-chTB1 1011"]
[Site "Germany"]
[Date "2011.02.13"]
[Round "6.6"]
[White "Beck, Gerhard"]
[Black "Reichmann, Ulrich"]
[Result "1/2-1/2"]
[WhiteElo "1960"]
[BlackElo "1976"]
[PlyCount "56"]
[EventDate "2010.09.26"]
[EventType "team-tourn"]
[EventRounds "9"]
[EventCountry "GER"]
[SourceTitle "EXT 2012"]
[Source "ChessBase"]
[SourceDate "2011.11.24"]
[SourceVersion "1"]
[SourceVersionDate "2011.11.24"]
[SourceQuality "1"]
[WhiteTeam "Fuerth"]
[BlackTeam "Gunzenhausen"]
[WhiteTeamCountry "GER"]
[BlackTeamCountry "GER"]

1. d4 c5 2. d5 Nf6 3. c4 b5 4. cxb5 a6 5. bxa6 Bxa6 6. Nc3 g6 7. g3 Bg7 8. Bg2 d6 9. e4 Nbd7 10. Nge2 Ne5 11. 0-0 0-0 12. b3 Nd3 13. Bd2 Nd7 14. Rb1 Nb6 15. f4 Qc7 16. Be3 Rfb8 17. a3 c4 18. b4 Bc8 19. Nd4 Bd7 20. Ra1 Na4 21. Qd2 Nxc3 22. Qxc3 Ba4 23. Rfb1 Qc8 24. Bf1 Qa6 25. Qd2 Rc8 26. Ra2 Rab8 27. Nf3 Bb3 28. b5 Rxb5 1/2-1/2

[Event "GER Cup18 sf20 serv"]
[Site "GER email"]
[Date "2010.06.20"]
[Round "?"]
[White "Beck, Gerhard"]
[Black "Frerichs, Manfred"]
[Result "1-0"]
[WhiteElo "1958"]
[BlackElo "2032"]
[PlyCount "65"]
[EventDate "2010.06.21"]
[EventType "tourn (corr)"]
[EventRounds "8"]
[EventCountry "GER"]
[SourceTitle "Corr 2015"]
[Source "ChessBase"]
[SourceDate "2015.07.17"]
[SourceVersion "1"]
[SourceVersionDate "2015.07.17"]
[SourceQuality "1"]
[WhiteTeam "Germany"]
[BlackTeam "Germany"]
[WhiteTeamCountry "GER"]
[BlackTeamCountry "GER"]

1. d4 d5 2. c4 e6 3. Nf3 Nf6 4. g3 dxc4 5. Bg2 a6 6. 0-0 Nc6 7. Nc3 Rb8 8. e4 Be7 9. Qe2 Nxd4 10. Nxd4 Qxd4 11. Rd1 Qc5 12. e5 Nd7 13. Ne4 Qb5 14. a4 Qb3 15. Bd2 b5 16. Qg4 Kf8 17. Bg5 Qb4 18. axb5 Rxb5 19. Nc3 Rxe5 20. Bxe7+ Qxe7 21. Qxc4 Nb6 22. Qd4 Qd6 23. Qh4 Nd5 24. Rac1 Bb7 25. b4 Rf5 26. b5 axb5 27. Nxb5 Qe7 28. Qd4 c6 29. Nc3 f6 30. Nxd5 exd5 31. f4 Rh5 32. Bf3 Rh6 33. Re1 1-0

[Event "GER Cup18 sf20 serv"]
[Site "GER email"]
[Date "2010.06.20"]
[Round "?"]
[White "Oppermann, Peter"]
[Black "Beck, Gerhard"]
[Result "1/2-1/2"]
[WhiteElo "1986"]
[BlackElo "1958"]
[PlyCount "65"]
[EventDate "2010.06.21"]
[EventType "tourn (corr)"]
[EventRounds "8"]
[EventCountry "GER"]
[SourceTitle "Corr 2015"]
[Source "ChessBase"]
[SourceDate "2015.07.17"]
[SourceVersion "1"]
[SourceVersionDate "2015.07.17"]
[SourceQuality "1"]
[WhiteTeam "Germany"]
[BlackTeam "Germany"]
[WhiteTeamCountry "GER"]
[BlackTeamCountry "GER"]

1. d4 Nf6 2. c4 e6 3. Nf3 b6 4. g3 Ba6 5. Qa4 Bb7 6. Bg2 c5 7. dxc5 Bxc5 8. 0-0 0-0 9. Nc3 Be7 10. Rd1 Na6 11. Bf4 Nc5 12. Qc2 Qc8 13. Rd4 d5 14. Rc1 Nce4 15. Nxe4 dxe4 16. Ne5 Bc5 17. Rdd1 h6 18. Qc3 a5 19. a3 a4 20. Rc2 Rd8 21. Rcd2 Rxd2 22. Qxd2 Be7 23. h3 Qe8 24. Be3 b5 25. Rc1 bxc4 26. Nxc4 Rd8 27. Qa5 Ra8 28. Qe5 Rc8 29. Bf1 Qd8 30. Qb5 Qd7 31. Qa5 Bd8 32. Qa7 Bd5 33. Qa6 1/2-1/2